[Event "24. Copenhagen Open  (Politiken Cup)"]
[Site "Copenhagen"]
[Date "2002.07.24"]
[Round "9"]
[White "Gutierrez Castillo, Paloma"]
[Black "Volokitin, Alexander"]
[Result "1-0"]
[WhiteElo "2088"]
[BlackElo "1600"]
[PlyCount "97"]
[EventDate "2002.07.15"]
[EventType "swiss"]
[EventRounds "11"]
[EventCountry "DEN"]
[SourceDate "2004.01.01"]

1. e4 c5 2. Nf3 e6 3. d4 cxd4 4. Nxd4 Nc6 5. Nc3 a6 6. Nxc6 bxc6 7. Bd3 Qc7 8.
O-O Bc5 9. Qh5 Bd4 10. Ne2 Qe5 11. Qxe5 Bxe5 12. f4 Bc7 13. Bd2 a5 14. e5 Ne7
15. c4 Bb6+ 16. Kh1 h5 17. Ng3 h4 18. Ne4 Nf5 19. Bc3 Ba6 20. Rf3 Ke7 21. b3
Rad8 22. c5 Bxd3 23. Rxd3 Bc7 24. Rad1 Rh6 25. Nd6 Bxd6 26. cxd6+ Kf8 27. Bxa5
Ra8 28. b4 f6 29. a4 Kf7 30. Kg1 Rg6 31. h3 Rg3 32. Rxg3 Nxg3 33. Rd2 Ne4 34.
Rc2 f5 35. Kf1 g5 36. fxg5 Kg6 37. Rxc6 dxc6 38. d7 Kxg5 39. d8=Q+ Rxd8 40.
Bxd8+ Kf4 41. a5 Nc3 42. a6 Nb5 43. Bb6 Kxe5 44. a7 Nxa7 45. Bxa7 Kd5 46. Bf2
Kc4 47. Bxh4 Kxb4 48. Be7+ Kc4 49. h4 1-0

[Event "24. Copenhagen Open  (Politiken Cup)"]
[Site "Copenhagen"]
[Date "2002.07.24"]
[Round "9"]
[White "Hansen, Martin Holmegaard"]
[Black "Rorvik, Jon F"]
[Result "1/2-1/2"]
[WhiteElo "1926"]
[BlackElo "2168"]
[PlyCount "80"]
[EventDate "2002.07.15"]
[EventType "swiss"]
[EventRounds "11"]
[EventCountry "DEN"]
[SourceDate "2004.01.01"]

1. d4 d5 2. Nf3 c6 3. c4 e6 4. g3 Nf6 5. Bg2 Nbd7 6. Qc2 Be7 7. O-O O-O 8. Rd1
Ne4 9. b3 f5 10. Ba3 Bxa3 11. Nxa3 Qe7 12. Qb2 f4 13. e3 fxg3 14. fxg3 b6 15.
Nc2 Bb7 16. Nd2 Nxd2 17. Rxd2 Nf6 18. Rf1 Rae8 19. Qa3 Qc7 20. Rdf2 Rf7 21. e4
dxe4 22. Bxe4 Rfe7 23. Bg2 e5 24. c5 Ng4 25. Rd2 e4 26. Rf4 Bc8 27. Re2 Nf6 28.
b4 Bg4 29. Re1 Qd7 30. Qc1 Bh5 31. Qd2 Bg6 32. Ne3 Rd8 33. Nc2 Nd5 34. Rh4 Rde8
35. Ne3 Nxe3 36. Qxe3 Qd5 37. a3 Rd7 38. Bh3 Rde7 39. Bg2 Rd7 40. Bh3 Rde7
1/2-1/2

[Event "24. Copenhagen Open  (Politiken Cup)"]
[Site "Copenhagen"]
[Date "2002.07.24"]
[Round "9"]
[White "Hansen, Torbjorn Ringdal"]
[Black "Jorgensen, Dennis"]
[Result "1-0"]
[WhiteElo "2280"]
[BlackElo "2097"]
[PlyCount "85"]
[EventDate "2002.07.15"]
[EventType "swiss"]
[EventRounds "11"]
[EventCountry "DEN"]
[SourceDate "2004.01.01"]

1. e4 c6 2. d4 d5 3. e5 c5 4. dxc5 e6 5. Nf3 Bxc5 6. Bd3 Nc6 7. O-O Nge7 8. c3
Ng6 9. Qe2 O-O 10. b4 Be7 11. b5 Na5 12. Be3 Qc7 13. Bxg6 fxg6 14. Nbd2 Bd7 15.
Bd4 Rac8 16. a4 b6 17. Rfe1 Qd8 18. g3 g5 19. h3 Qe8 20. Kg2 Qg6 21. Rh1 Rf7
22. h4 g4 23. Ne1 h5 24. Nd3 Qf5 25. Nf4 Rff8 26. Qd1 Nc4 27. Nxc4 Rxc4 28. Qb1
Bd8 29. a5 Bc7 30. Re1 Bd8 31. Qb2 g5 32. axb6 axb6 33. hxg5 Bxg5 34. Nxh5 Qf3+
35. Kg1 Rf7 36. Ra8+ Bc8 37. Qc2 Rf5 38. Qe2 Bd2 39. Nf6+ Rxf6 40. Qxd2 Rf5 41.
Qh6 Rf8 42. Qg6+ Kh8 43. Ra7 1-0

[Event "24. Copenhagen Open  (Politiken Cup)"]
[Site "Copenhagen"]
[Date "2002.07.24"]
[Round "9"]
[White "Hau, Helge"]
[Black "Tretvold, Martin"]
[Result "0-1"]
[WhiteElo "1503"]
[BlackElo "1801"]
[PlyCount "58"]
[EventDate "2002.07.15"]
[EventType "swiss"]
[EventRounds "11"]
[EventCountry "DEN"]
[SourceDate "2004.01.01"]

1. f4 d5 2. Nf3 g6 3. e3 Bg7 4. d4 Nf6 5. Ne5 O-O 6. Nd2 c5 7. c3 cxd4 8. cxd4
Nc6 9. Bb5 Nxe5 10. fxe5 Ng4 11. Nb3 f6 12. h3 Nh6 13. exf6 Rxf6 14. Qe2 Nf5
15. Qc2 Qd6 16. e4 Qg3+ 17. Kd1 Ne3+ 18. Bxe3 Qxe3 19. Re1 Qg3 20. exd5 Rf2 21.
Qe4 Bf6 22. Bc4 b5 23. Bxb5 Bf5 24. Qe3 Qxg2 25. Bc4 Bc2+ 26. Kc1 Bg5 27. d6+
Kg7 28. dxe7 Bxe3+ 29. Rxe3 Qg1+ 0-1

[Event "24. Copenhagen Open  (Politiken Cup)"]
[Site "Copenhagen"]
[Date "2002.07.24"]
[Round "9"]
[White "Hector, Jonny"]
[Black "Bekker Jensen, David"]
[Result "1-0"]
[WhiteElo "2562"]
[BlackElo "2338"]
[PlyCount "59"]
[EventDate "2002.07.15"]
[EventType "swiss"]
[EventRounds "11"]
[EventCountry "DEN"]
[SourceDate "2004.01.01"]

1. e4 c5 2. Nf3 d6 3. d4 Nf6 4. Nc3 cxd4 5. Nxd4 a6 6. Bg5 e6 7. f4 Be7 8. Qf3
Qc7 9. O-O-O Nbd7 10. g4 O-O 11. Bg2 Rb8 12. h4 b5 13. e5 Bb7 14. Nc6 Kh8 15.
exf6 Bxf6 16. Bxf6 Nxf6 17. h5 Rbc8 18. h6 g6 19. Qf2 Bxc6 20. Bxc6 Qxc6 21.
Qd4 e5 22. fxe5 dxe5 23. Qxe5 Rfe8 24. Qd4 Re4 25. Qa7 Kg8 26. Rhf1 Re6 27. g5
b4 28. Rxf6 Rxf6 29. Qd4 Kf8 30. Qxb4+ 1-0

[Event "24. Copenhagen Open  (Politiken Cup)"]
[Site "Copenhagen"]
[Date "2002.07.24"]
[Round "9"]
[White "Helin, Mikael"]
[Black "Rasmussen, Bent"]
[Result "1-0"]
[WhiteElo "2016"]
[BlackElo "1658"]
[PlyCount "107"]
[EventDate "2002.07.15"]
[EventType "swiss"]
[EventRounds "11"]
[EventCountry "DEN"]
[SourceDate "2004.01.01"]

1. e4 e5 2. Nc3 Nf6 3. Bc4 Nc6 4. f4 exf4 5. Nf3 Be7 6. O-O O-O 7. e5 Ng4 8.
Qe2 Bc5+ 9. Kh1 Nh6 10. Nd5 Nd4 11. Nxd4 Bxd4 12. c3 Bb6 13. d4 c6 14. Nxf4 d5
15. exd6 Qxd6 16. Qf2 Ng4 17. Qg3 Nf6 18. Qh4 Nd5 19. Nh5 Qg6 20. Nxg7 Kxg7 21.
Rf3 Bc7 22. Bd3 Bd8 23. Qe1 Qd6 24. a3 Bg4 25. Rg3 h5 26. c4 Nf4 27. Bf5 Ng6
28. c5 Qxd4 29. Bd2 Kh7 30. Rd3 Qxc5 31. Bxg6+ Kxg6 32. Bb4 Qf5 33. Re3 Bh4 34.
Qxh4 Rfe8 35. Be7 Rad8 36. Qe1 Rd5 37. h3 Bxh3 38. Rxh3 Re5 39. Qg3+ Kh7 40.
Bb4 Rg8 41. Qd3 Qxd3 42. Rxd3 Re2 43. Rf1 Rgxg2 44. Rxf7+ Kg6 45. Rdf3 Rh2+ 46.
Kg1 Reg2+ 47. Kf1 Rxb2 48. R3f6+ Kg5 49. Rf5+ Kg4 50. Rf4+ Kg5 51. Be7+ Kg6 52.
R4f6+ Kg5 53. Rg7+ Kh4 54. Rf3# 1-0

[Event "24. Copenhagen Open  (Politiken Cup)"]
[Site "Copenhagen"]
[Date "2002.07.24"]
[Round "9"]
[White "Hillarp Persson, Tiger"]
[Black "Dominguez, Lenier"]
[Result "1/2-1/2"]
[WhiteElo "2461"]
[BlackElo "2613"]
[PlyCount "81"]
[EventDate "2002.07.15"]
[EventType "swiss"]
[EventRounds "11"]
[EventCountry "DEN"]
[SourceDate "2004.01.01"]

1. d4 d5 2. c4 c6 3. Nf3 Nf6 4. e3 Bg4 5. Nc3 e6 6. h3 Bxf3 7. Qxf3 Nbd7 8. Bd3
Bb4 9. Bd2 Qe7 10. a3 Ba5 11. O-O Bc7 12. cxd5 exd5 13. e4 dxe4 14. Nxe4 Nxe4
15. Rfe1 O-O-O 16. Rxe4 Qf6 17. Qg4 h5 18. Qe2 Nb6 19. Re1 Kb8 20. Be3 Nd5 21.
h4 Qd6 22. g3 f5 23. Bf4 Nxf4 24. Rxf4 g6 25. Bc4 Qf6 26. Rf3 Qxd4 27. Rd3 Qf6
28. f4 Rd4 29. Rxd4 Qxd4+ 30. Kg2 Rd8 31. Bb3 Qh8 32. Kh3 a6 33. Bc4 Qd4 34.
Bf7 Qf6 35. Bc4 Qg7 36. Qc2 Ka7 37. b4 Rd4 38. Bxa6 Qd7 39. Bf1 Rd2 40. Qa4+
Kb8 41. Qb3 1/2-1/2

[Event "24. Copenhagen Open  (Politiken Cup)"]
[Site "Copenhagen"]
[Date "2002.07.24"]
[Round "9"]
[White "Hoi, Carsten"]
[Black "Henriksen, Geir Ivar"]
[Result "1-0"]
[WhiteElo "2419"]
[BlackElo "2209"]
[PlyCount "87"]
[EventDate "2002.07.15"]
[EventType "swiss"]
[EventRounds "11"]
[EventCountry "DEN"]
[SourceDate "2004.01.01"]

1. d4 Nf6 2. Nf3 e6 3. Bg5 c5 4. e3 b6 5. d5 exd5 6. Nc3 Bb7 7. Nxd5 Bxd5 8.
Bxf6 Qxf6 9. Qxd5 Nc6 10. O-O-O Rd8 11. Bb5 Be7 12. Bxc6 dxc6 13. Qe5 Rc8 14.
Rd3 c4 15. Rd4 c3 16. bxc3 Qxe5 17. Nxe5 Bf6 18. Re4 O-O 19. Nd7 Rfe8 20. Nxf6+
gxf6 21. Rxe8+ Rxe8 22. Rd1 Re5 23. c4 Ra5 24. Kb2 Rf5 25. f4 Kg7 26. Rd7 Rc5
27. Kb3 b5 28. Rd4 a5 29. h3 f5 30. c3 Kf6 31. cxb5 cxb5 32. a4 h5 33. axb5
Rxb5+ 34. Kc2 Rb6 35. Rd5 Re6 36. Rxa5 Rxe3 37. Re5 Rg3 38. Re2 Rg8 39. c4 Rg3
40. c5 Ra3 41. Kb2 Ra4 42. Kb3 Rxf4 43. c6 Rf1 44. c7 1-0

[Event "24. Copenhagen Open  (Politiken Cup)"]
[Site "Copenhagen"]
[Date "2002.07.24"]
[Round "9"]
[White "Holm, Sejer"]
[Black "Arngrimsson, Dagur"]
[Result "0-1"]
[WhiteElo "2321"]
[BlackElo "2149"]
[PlyCount "68"]
[EventDate "2002.07.15"]
[EventType "swiss"]
[EventRounds "11"]
[EventCountry "DEN"]
[SourceDate "2004.01.01"]

1. d4 d5 2. c4 e6 3. Nc3 Nf6 4. cxd5 exd5 5. Bg5 Be7 6. e3 O-O 7. Qc2 c6 8. Bd3
Nbd7 9. Nge2 Re8 10. f3 c5 11. g4 c4 12. Bf5 Nf8 13. O-O-O Qa5 14. Kb1 Nxg4 15.
Bxc8 Raxc8 16. fxg4 Bxg5 17. Qf5 Qd8 18. e4 dxe4 19. Nxe4 Be3 20. Qf3 Qe7 21.
N2c3 Bg5 22. Rhf1 h6 23. d5 Nd7 24. d6 Qe6 25. Rd5 Rcd8 26. Nxg5 hxg5 27. Rxg5
f6 28. Rf5 Ne5 29. Qxb7 Nxg4 30. Rh5 Rxd6 31. a4 Qe3 32. Qb5 Qd3+ 33. Ka2 Red8
34. Rc5 Qxf1 0-1

[Event "24. Copenhagen Open  (Politiken Cup)"]
[Site "Copenhagen"]
[Date "2002.07.24"]
[Round "9"]
[White "Jakobsen, Ole"]
[Black "Hovmoller, Kristian"]
[Result "1/2-1/2"]
[WhiteElo "2398"]
[BlackElo "2248"]
[PlyCount "82"]
[EventDate "2002.07.15"]
[EventType "swiss"]
[EventRounds "11"]
[EventCountry "DEN"]
[SourceDate "2004.01.01"]

1. d4 Nf6 2. c4 e6 3. Nf3 b6 4. g3 Bb7 5. Bg2 Be7 6. Nc3 Ne4 7. Bd2 O-O 8. O-O
c5 9. d5 exd5 10. cxd5 Nxc3 11. Bxc3 d6 12. e4 Nd7 13. Re1 b5 14. b3 Nb6 15.
Qc2 Re8 16. Rad1 Qc7 17. Bf1 Qd7 18. Qd3 b4 19. Ba1 a5 20. Nd2 a4 21. Nc4 Nxc4
22. bxc4 Bf8 23. f4 f6 24. Re3 Rad8 25. Rde1 Bc8 26. Qc2 a3 27. Bd3 Qh3 28. Qf2
Qh5 29. Bc2 Bd7 30. Bd1 Qf7 31. h4 Re7 32. g4 h6 33. h5 g6 34. Kh2 Bg7 35. hxg6
Qxg6 36. Qh4 Rde8 37. Bf3 Ba4 38. Qg3 Rd8 39. Qg2 Bd7 40. Qg3 Ba4 41. Qg2 Bd7
1/2-1/2

[Event "24. Copenhagen Open  (Politiken Cup)"]
[Site "Copenhagen"]
[Date "2002.07.24"]
[Round "9"]
[White "Jensen, Alexander Lindberg"]
[Black "Lie, Terje"]
[Result "1-0"]
[WhiteElo "1342"]
[BlackElo "1913"]
[PlyCount "105"]
[EventDate "2002.07.15"]
[EventType "swiss"]
[EventRounds "11"]
[EventCountry "DEN"]
[SourceDate "2004.01.01"]

1. d4 e6 2. Nf3 h6 3. a3 d5 4. c4 Nf6 5. Nc3 b6 6. Bf4 a6 7. e3 Bd6 8. Bg3 O-O
9. Bd3 Bxg3 10. hxg3 Ng4 11. Nh2 Nf6 12. Qe2 Nc6 13. Nf3 Ne7 14. Ne5 Nd7 15.
Nxd7 Bxd7 16. cxd5 Nxd5 17. Nxd5 exd5 18. Bxa6 Bf5 19. Bd3 Bxd3 20. Qxd3 Re8
21. Rc1 Re6 22. Rc3 c6 23. Qc2 Rc8 24. b4 Qf6 25. O-O b5 26. Rc5 Qg5 27. Rxb5
Rce8 28. Rb6 Rxe3 29. fxe3 Qxe3+ 30. Qf2 f6 31. Qxe3 Rxe3 32. a4 Rd3 33. Rxc6
Rxd4 34. b5 Rxa4 35. b6 Rb4 36. Rd1 d4 37. Rxd4 Rxd4 38. b7 Rd1+ 39. Kh2 Rb1
40. Rc8+ Kf7 41. b8=Q Rxb8 42. Rxb8 g5 43. g4 Kg7 44. Kg3 Kf7 45. Kf3 Kg7 46.
Rb7+ Kg6 47. g3 h5 48. gxh5+ Kxh5 49. g4+ Kh6 50. Ke4 Kg6 51. Rb6 Kh7 52. Rxf6
Kg7 53. Kf5 1-0

[Event "24. Copenhagen Open  (Politiken Cup)"]
[Site "Copenhagen"]
[Date "2002.07.24"]
[Round "9"]
[White "Jensen, Allan Astrup"]
[Black "Eriksson, Magnus"]
[Result "1/2-1/2"]
[WhiteElo "2205"]
[BlackElo "2010"]
[PlyCount "61"]
[EventDate "2002.07.15"]
[EventType "swiss"]
[EventRounds "11"]
[EventCountry "DEN"]
[SourceDate "2004.01.01"]

1. e4 c5 2. Nc3 Nc6 3. f4 g6 4. Nf3 Bg7 5. Bc4 e6 6. O-O Nge7 7. e5 d5 8. exd6
Qxd6 9. Ne4 Qc7 10. Kh1 b6 11. d3 O-O 12. Qe1 Nd4 13. Nxd4 cxd4 14. Qh4 Nf5 15.
Nf6+ Bxf6 16. Qxf6 Bb7 17. c3 Qd8 18. Qxd8 Rfxd8 19. Kg1 h5 20. g3 Rac8 21. Bd2
dxc3 22. Bxc3 Ne3 23. Rfc1 Nxc4 24. dxc4 Rxc4 25. Bf6 Rdc8 26. Rxc4 Rxc4 27.
Rd1 Bd5 28. Bc3 Kf8 29. Kf2 Ke7 30. a3 Kd6 31. Rd4 1/2-1/2

[Event "24. Copenhagen Open  (Politiken Cup)"]
[Site "Copenhagen"]
[Date "2002.07.24"]
[Round "9"]
[White "Jorgensen, Carina E"]
[Black "Kristensen, Jonas Rune"]
[Result "1/2-1/2"]
[WhiteElo "1643"]
[BlackElo "1847"]
[PlyCount "141"]
[EventDate "2002.07.15"]
[EventType "swiss"]
[EventRounds "11"]
[EventCountry "DEN"]
[SourceDate "2004.01.01"]

1. e4 c6 2. d4 d5 3. exd5 cxd5 4. Nf3 Bf5 5. Bd3 Bxd3 6. Qxd3 Nc6 7. Bf4 e6 8.
c3 Nf6 9. h3 Bd6 10. Bxd6 Qxd6 11. O-O O-O 12. Nbd2 Rfc8 13. Rfe1 Rab8 14. a4
Na5 15. Ne5 Nd7 16. Ndf3 Nxe5 17. Nxe5 Nc4 18. Nxc4 Rxc4 19. Qc2 Rbc8 20. Qb3
R4c7 21. Re3 h6 22. Qa3 Qd7 23. Qb3 b6 24. Qb5 Qxb5 25. axb5 Kf8 26. h4 Ke7 27.
g3 Kd6 28. f4 f6 29. Kf2 Re8 30. Ke2 e5 31. Kd3 Ree7 32. Rae1 e4+ 33. Kd2 g5
34. hxg5 hxg5 35. f5 Rh7 36. g4 Rh4 37. Rg3 Rch7 38. Kc2 Rh2+ 39. Kb3 Rf2 40.
Ka3 Rhh2 41. b3 Rfg2 42. Rg1 Re2 43. Kb4 Rd2 44. Re3 Rd3 45. Rxd3 exd3 46. c4
Rc2 47. Rd1 Rg2 48. c5+ Kc7 49. Rxd3 Rxg4 50. c6 Rf4 51. Kc3 Rxf5 52. Re3 Rf1
53. Re7+ Kc8 54. Re8+ Kc7 55. Re7+ Kd8 56. Rd7+ Kc8 57. Rxd5 g4 58. Rd7 f5 59.
d5 Rd1 60. d6 g3 61. Rg7 Rxd6 62. Rxg3 Rd5 63. Kc4 Rc5+ 64. Kb4 Kc7 65. Rg7+
Kb8 66. Rg8+ Kc7 67. Ra8 a5+ 68. Rxa5 Rxc6 69. Ra7+ Kb8 70. Rf7 Rc5 71. Rf6
1/2-1/2

[Event "24. Copenhagen Open  (Politiken Cup)"]
[Site "Copenhagen"]
[Date "2002.07.24"]
[Round "9"]
[White "Jorgensen, Morten"]
[Black "Rosenkilde, Alexander"]
[Result "0-1"]
[WhiteElo "1257"]
[BlackElo "1639"]
[PlyCount "68"]
[EventDate "2002.07.15"]
[EventType "swiss"]
[EventRounds "11"]
[EventCountry "DEN"]
[SourceDate "2004.01.01"]

1. e4 c5 2. Nf3 d6 3. d4 cxd4 4. Nxd4 Nf6 5. Nc3 g6 6. Bc4 Bg7 7. f3 O-O 8. Be3
Nc6 9. Qd2 Bd7 10. Bb3 Qa5 11. Nxc6 Bxc6 12. O-O-O Rfc8 13. Bh6 Bh8 14. g4 b5
15. h4 b4 16. Ne2 Ba4 17. Kb1 Bxb3 18. cxb3 Rc6 19. a3 Rac8 20. Qxb4 Qa6 21.
Nc3 Rb6 22. Qa4 Qxa4 23. Nxa4 Rxb3 24. Rc1 Rcb8 25. Ka2 Nd7 26. Rc2 Rxf3 27.
Rhc1 Nc5 28. Nxc5 dxc5 29. b4 Bd4 30. bxc5 Rbb3 31. Rd2 Rxa3+ 32. Kb1 Ra1+ 33.
Kc2 Rc3+ 34. Kd1 Raxc1+ 0-1

[Event "24. Copenhagen Open  (Politiken Cup)"]
[Site "Copenhagen"]
[Date "2002.07.24"]
[Round "9"]
[White "Kallio, Heikki"]
[Black "Akesson, Joel"]
[Result "1/2-1/2"]
[WhiteElo "2501"]
[BlackElo "2234"]
[PlyCount "120"]
[EventDate "2002.07.15"]
[EventType "swiss"]
[EventRounds "11"]
[EventCountry "DEN"]
[SourceDate "2004.01.01"]

1. d4 d5 2. c4 c6 3. Nc3 dxc4 4. e3 b5 5. a4 b4 6. Nb1 Ba6 7. Nf3 Nf6 8. Be2 e6
9. Ne5 c5 10. a5 Nbd7 11. Nxc4 Bb7 12. O-O Be7 13. b3 cxd4 14. exd4 O-O 15. Be3
Nd5 16. Bf3 Rc8 17. Qd3 Ba6 18. Nbd2 N7f6 19. Rfe1 Qd7 20. Qf1 Rfd8 21. g3 Nc3
22. Qg2 Nfd5 23. Ne5 Qc7 24. Nec4 Bf6 25. h4 Bxc4 26. Nxc4 Nxe3 27. fxe3 e5 28.
d5 e4 29. d6 Rxd6 30. Bg4 Rf8 31. Nxd6 Qxd6 32. Qf2 Be5 33. Kg2 f5 34. Bh3 g6
35. Kh2 Qf6 36. Kg2 Qe6 37. Qc2 Rd8 38. Kh2 Qf6 39. Kg2 Qd6 40. Qf2 Qe6 41. Rf1
Rd3 42. Kh1 Qd7 43. Bxf5 gxf5 44. Qxf5 Qxf5 45. Rxf5 Bg7 46. Rc5 Nd1 47. Rc8+
Kf7 48. Rc7+ Kg6 49. Ra2 Nxe3 50. h5+ Kh6 51. Rxa7 Bd4 52. Rf7 Kxh5 53. Kh2 Rd1
54. Rxh7+ Kg5 55. Rh4 Ng4+ 56. Kg2 Rg1+ 57. Kh3 Rh1+ 58. Kg2 Rg1+ 59. Kh3 Rh1+
60. Kg2 Rg1+ 1/2-1/2

[Event "24. Copenhagen Open  (Politiken Cup)"]
[Site "Copenhagen"]
[Date "2002.07.24"]
[Round "9"]
[White "Kiriakov, Petr"]
[Black "Greger, Roland Reinhard"]
[Result "1-0"]
[WhiteElo "2553"]
[BlackElo "2365"]
[PlyCount "111"]
[EventDate "2002.07.15"]
[EventType "swiss"]
[EventRounds "11"]
[EventCountry "DEN"]
[SourceDate "2004.01.01"]

1. d4 Nf6 2. c4 e6 3. Nc3 Bb4 4. Qc2 c5 5. dxc5 Na6 6. a3 Bxc3+ 7. Qxc3 Nxc5 8.
b4 Nce4 9. Qd4 d5 10. cxd5 Qxd5 11. Bb2 Qxd4 12. Bxd4 O-O 13. f3 Rd8 14. Bb2
Nd6 15. e4 Nfe8 16. g4 b5 17. h3 f6 18. Rd1 Bb7 19. Rh2 a6 20. Rhd2 e5 21. Ne2
Nf7 22. Nc3 Rxd2 23. Rxd2 Rd8 24. a4 Rxd2 25. Kxd2 bxa4 26. Nxa4 Nc7 27. Nc5
Bc8 28. h4 Kf8 29. Ke3 Nd8 30. f4 exf4+ 31. Kxf4 Nc6 32. Bc3 h6 33. g5 hxg5+
34. hxg5 Ke7 35. Bc4 Nb5 36. Bd2 Ne5 37. Bf1 Kd6 38. Kg3 Nc7 39. Be3 Nf7 40.
Bf4+ Ne5 41. Be3 Nf7 42. gxf6 gxf6 43. Kf4 Ne5 44. Bf2 Nc6 45. Nd3 Ne6+ 46. Ke3
Ne5 47. Bg3 Nc7 48. Nb2 Be6 49. Kd4 Bb3 50. Nc4+ Bxc4 51. Bxc4 Kc6 52. Bxe5
fxe5+ 53. Kxe5 Kb6 54. Kd6 Ne8+ 55. Ke7 Ng7 56. Be2 1-0

[Event "24. Copenhagen Open  (Politiken Cup)"]
[Site "Copenhagen"]
[Date "2002.07.24"]
[Round "9"]
[White "Kjartansson, Gudmundur"]
[Black "Norton, Craig"]
[Result "1-0"]
[WhiteElo "2105"]
[BlackElo "1832"]
[PlyCount "63"]
[EventDate "2002.07.15"]
[EventType "swiss"]
[EventRounds "11"]
[EventCountry "DEN"]
[SourceDate "2004.01.01"]

1. e4 c5 2. Nf3 d6 3. d4 cxd4 4. Nxd4 Nf6 5. Nc3 g6 6. Be3 Bg7 7. f3 Nc6 8. Qd2
O-O 9. O-O-O Nxd4 10. Bxd4 Be6 11. Kb1 Qc7 12. g4 Rfc8 13. g5 Nh5 14. Bxg7 Nxg7
15. f4 Qa5 16. Be2 Rc6 17. Nd5 Qxd2 18. Rxd2 Bxd5 19. Rxd5 Rac8 20. Rd2 Ne6 21.
Rf1 Kg7 22. h4 Nc5 23. Bf3 e5 24. f5 gxf5 25. exf5 e4 26. f6+ Kg8 27. Bg4 e3
28. Re2 Re8 29. Rfe1 h6 30. Rxe3 Rxe3 31. Rxe3 hxg5 32. Re8+ 1-0

[Event "24. Copenhagen Open  (Politiken Cup)"]
[Site "Copenhagen"]
[Date "2002.07.24"]
[Round "9"]
[White "Korsgaard, Peter"]
[Black "Cazzaniga, Walter"]
[Result "1/2-1/2"]
[WhiteElo "1956"]
[BlackElo "2121"]
[PlyCount "104"]
[EventDate "2002.07.15"]
[EventType "swiss"]
[EventRounds "11"]
[EventCountry "DEN"]
[SourceDate "2004.01.01"]

1. Nf3 Nf6 2. b3 g6 3. Bb2 Bg7 4. c4 O-O 5. e3 c5 6. Be2 Nc6 7. O-O d5 8. cxd5
Nxd5 9. Bxg7 Kxg7 10. d4 Qd6 11. Qd2 Rd8 12. dxc5 Qf6 13. Na3 Bg4 14. Nc4 Nf4
15. Qe1 Nxe2+ 16. Qxe2 Rd5 17. h3 Bxf3 18. Qxf3 Qxf3 19. gxf3 Rxc5 20. f4 b5
21. Nd2 Rc2 22. Rfc1 Rxd2 23. Rxc6 Rad8 24. Rc7 R8d7 25. Rxd7 Rxd7 26. Rc1 Rd2
27. Rc5 Rxa2 28. Rxb5 h5 29. Kg2 e6 30. Kf3 a5 31. Kg3 Kf6 32. Kf3 a4 33. bxa4
Rxa4 34. Rg5 Ra1 35. Rb5 Rd1 36. Re5 Rh1 37. Kg2 Rd1 38. Rb5 Rd5 39. Rb7 Rd2
40. Rb5 Ra2 41. Re5 Rd2 42. Rc5 Rd5 43. Rc7 Ra5 44. Kg3 Rf5 45. Rd7 e5 46.
fxe5+ Kxe5 47. f4+ Ke6 48. Rb7 Ra5 49. Kf3 Kf6 50. Rb6+ Kg7 51. Rc6 Ra1 52. Rc7
Rf1+ 1/2-1/2

[Event "24. Copenhagen Open  (Politiken Cup)"]
[Site "Copenhagen"]
[Date "2002.07.24"]
[Round "9"]
[White "Leimand, Peter Martin"]
[Black "Laursen, Niels Norskov"]
[Result "0-1"]
[WhiteElo "2003"]
[BlackElo "2135"]
[PlyCount "60"]
[EventDate "2002.07.15"]
[EventType "swiss"]
[EventRounds "11"]
[EventCountry "DEN"]
[SourceDate "2004.01.01"]

1. e4 e5 2. Nc3 Nf6 3. Nf3 Nc6 4. d4 exd4 5. Nxd4 Bb4 6. Nxc6 bxc6 7. Bd3 d5 8.
exd5 cxd5 9. O-O O-O 10. Bg5 c6 11. Ne2 Re8 12. Nd4 Qd6 13. c3 Ng4 14. g3 Bc5
15. Qa4 Bd7 16. Bf4 Qf6 17. h4 h6 18. h5 Re7 19. Kg2 Rae8 20. Rad1 g5 21. Bc1
Bb6 22. Qc2 c5 23. Nf5 Re6 24. Qb1 c4 25. Bxc4 dxc4 26. Rxd7 Re2 27. Rd6 R8e6
28. Rd2 R6e4 29. Qc2 Qe5 30. Rxe2 Rxe2 {Time} 0-1

[Event "24. Copenhagen Open  (Politiken Cup)"]
[Site "Copenhagen"]
[Date "2002.07.24"]
[Round "9"]
[White "Lynge, Torben"]
[Black "Sandbech, Ted"]
[Result "1-0"]
[WhiteElo "1669"]
[BlackElo "1516"]
[PlyCount "117"]
[EventDate "2002.07.15"]
[EventType "swiss"]
[EventRounds "11"]
[EventCountry "DEN"]
[SourceDate "2004.01.01"]

1. e4 d5 2. exd5 Qxd5 3. Nc3 Qa5 4. d4 c6 5. Bc4 Nf6 6. Bd2 Qc7 7. Nf3 Bf5 8.
O-O e6 9. Bb3 Be7 10. Re1 O-O 11. Ne2 Bd6 12. Ng3 Bg4 13. h3 Bxh3 14. Ne5 Bf5
15. Nxf5 exf5 16. Qf3 g6 17. Bh6 Nbd7 18. Bxf8 Rxf8 19. Nxf7 Rxf7 20. Bxf7+
Kxf7 21. Qe2 Nf8 22. c4 c5 23. Rad1 cxd4 24. Rxd4 Ng4 25. Rxg4 fxg4 26. Qxg4
Qd7 27. Qf3+ Kg7 28. Rd1 Qe7 29. Qc3+ Qe5 30. Qxe5+ Bxe5 31. b3 Kf6 32. Rd8 Ke7
33. Ra8 Bd4 34. Rb8 b6 35. Rb7+ Nd7 36. Rxa7 Kd6 37. Ra8 Nc5 38. Kf1 Ne4 39. f3
Ng3+ 40. Ke1 Ke5 41. Rh8 h5 42. Re8+ Kf4 43. a3 Bb2 44. Ra8 Nf5 45. a4 Kg3 46.
Rg8 Nh4 47. Kf1 Bc1 48. b4 g5 49. c5 bxc5 50. bxc5 Nf5 51. c6 Bf4 52. Rg6 Ne3+
53. Ke2 Nd5 54. a5 Nc7 55. Kf1 Na6 56. Rg7 Nc7 57. Rh7 h4 58. Rxc7 Bxc7 59. a6
1-0

[Event "24. Copenhagen Open  (Politiken Cup)"]
[Site "Copenhagen"]
[Date "2002.07.24"]
[Round "9"]
[White "Madsen, Simon Rise"]
[Black "Pedersen, Kaj Vinding"]
[Result "0-1"]
[WhiteElo "1202"]
[BlackElo "1529"]
[PlyCount "110"]
[EventDate "2002.07.15"]
[EventType "swiss"]
[EventRounds "11"]
[EventCountry "DEN"]
[SourceDate "2004.01.01"]

1. e4 Nf6 2. Nc3 d5 3. e5 Nfd7 4. d4 e6 5. Nf3 c5 6. Be3 cxd4 7. Qxd4 Nc6 8.
Qf4 a6 9. Bd3 Qc7 10. Bd4 Nxd4 11. Qxd4 g6 12. O-O Bg7 13. Rfe1 O-O 14. a4 b6
15. b4 Bb7 16. Ra3 Rac8 17. h3 a5 18. Nb5 Qd8 19. Nd6 Rb8 20. bxa5 bxa5 21. Rc3
Qb6 22. Qxb6 Nxb6 23. Rb3 Bc6 24. Bb5 Bxb5 25. Rxb5 Nxa4 26. Rxa5 Ra8 27. Rxa8
Rxa8 28. Ra1 Nb6 29. Rxa8+ Nxa8 30. Ng5 Bxe5 31. Ngxf7 Bf4 32. g3 Bxd6 33. Nxd6
Kf8 34. f4 Ke7 35. Nb5 Nb6 36. Kf2 Nc4 37. Kf3 Nd2+ 38. Ke2 Ne4 39. Kf3 Nd6 40.
Nxd6 Kxd6 41. g4 Kc5 42. f5 gxf5 43. gxf5 e5 44. f6 Kd6 45. f7 Ke7 46. Kg4 Kxf7
47. Kf5 e4 48. Kf4 Ke6 49. c4 dxc4 50. Kxe4 Kf6 51. Kd4 Kg5 52. Kxc4 Kh4 53.
Kd5 Kxh3 54. Ke5 Kg3 55. Kf5 h5 0-1

[Event "24. Copenhagen Open  (Politiken Cup)"]
[Site "Copenhagen"]
[Date "2002.07.24"]
[Round "9"]
[White "McShane, Rod"]
[Black "Hein, Jacob"]
[Result "0-1"]
[WhiteElo "1500"]
[BlackElo "1305"]
[PlyCount "50"]
[EventDate "2002.07.15"]
[EventType "swiss"]
[EventRounds "11"]
[EventCountry "DEN"]
[SourceDate "2004.01.01"]

1. e4 c5 2. Nf3 e6 3. d4 cxd4 4. Nxd4 Nf6 5. Nc3 Be7 6. f3 Nh5 7. g4 Nf6 8. Be3
d5 9. e5 Nfd7 10. f4 Bh4+ 11. Kd2 Nc5 12. Bb5+ Nbd7 13. g5 h6 14. Qh5 a6 15.
Bxd7+ Bxd7 16. Qxh4 Ne4+ 17. Nxe4 dxe4 18. c3 Qe7 19. Rhg1 O-O-O 20. Qg3 hxg5
21. Qxg5 Rxh2+ 22. Ne2 Bb5+ 23. Kc2 Rxe2+ 24. Kb3 Qc7 25. Bd4 Qc4+ 0-1

[Event "24. Copenhagen Open  (Politiken Cup)"]
[Site "Copenhagen"]
[Date "2002.07.24"]
[Round "9"]
[White "Mikkelsen, Nikolaj"]
[Black "Carstensen, Jacob"]
[Result "1-0"]
[WhiteElo "2120"]
[BlackElo "2246"]
[PlyCount "47"]
[EventDate "2002.07.15"]
[EventType "swiss"]
[EventRounds "11"]
[EventCountry "DEN"]
[SourceDate "2004.01.01"]

1. d4 f5 2. h3 d6 3. g4 fxg4 4. hxg4 Bxg4 5. f3 Bf5 6. e4 Bg6 7. Bg5 c6 8. Nc3
Nd7 9. Bh3 Ngf6 10. Nge2 Qc7 11. Qd2 O-O-O 12. Nf4 Bf7 13. Be6 Bg8 14. Bxg8
Rxg8 15. Ne6 Qa5 16. Nxd8 Kxd8 17. O-O-O h6 18. Be3 Nb6 19. Qd3 d5 20. e5 Ne8
21. Qh7 Nc4 22. Rd3 Qb4 23. Nd1 Qa5 24. Kb1 1-0